00564nam a22001697a 4500003000900000008004100009040007100050082001700121100002100138245002500159260004100184300002800225505009100253650001500344650002200359650001300381AR-CdUCM190328b ||||| |||| 00| 0 spa d aMUNICIPALIDAD PROVINCIAL DEL CUSCOcBIBLIOTECA MUNICIPAL DEL CUSCO a858.9 /bP25 aPapini, Giovanni aLa escala de Jacob / aMéxico :bLatino americana,c1955. a197 páginas ;c19 cm. aContenido: Amor o muerte -- José de Maistre -- San Francisco -- Jacopone de Todi... aLiteratura aEnsayos italianos aSiglo XX